00894 2200265 4500001002100000005001700021008004100038035002500079040001200104082001100116084001900127090001900146245020100165260002800366300003700394500004900431650004900480700001900529700001800548700001500566700001000581700001600591700000900607850001200616INLIS00000000000181820150210090409.0  a0010-021500000000101 aYOPDYOG a915.98 aNUS 915.98 Sis aNUS 915.98 Sis aSISI Berita : Melestarikan tradisi warisan leluhur, gerobak sapi lebih ramah lingkungan...[rekaman video]c/ pimpinan redaksi Putra Nababan ; editor, Emir, Syaefullah, Jefri ; produser Prita Laura aJakartabMetro TVc2013 aDVD : digital, stereo ; 4 3/4 in aProgram Metro TV ; tanggal tayang 04/07/2013 aIndonesia-Kehidupan sosial dan adat istiadat aMahendra Wisnu aPutra Nababan aSyaefullah aJefri aPrita Laura aEmir aYOPDYOG